[Event "Nuremberg Zabo op 11th"]
[Site "Nuremberg"]
[Date "2009.09.20"]
[Round "4"]
[White "Zaudtke, Friedrich Wilhelm"]
[Black "Weber, Jonathan"]
[Result "1/2-1/2"]
[WhiteElo "1534"]
[BlackElo "1318"]
[PlyCount "65"]
[EventDate "2009.09.18"]
[EventType "swiss"]
[EventRounds "5"]
[EventCountry "GER"]
[SourceTitle "EXT 2012"]
[Source "ChessBase"]
[SourceDate "2011.11.24"]
[SourceVersion "1"]
[SourceVersionDate "2011.11.24"]
[SourceQuality "1"]

1. d4 d5 2. c4 Nf6 3. Nc3 e6 4. Bg5 c6 5. a3 Nbd7 6. e3 Be7 7. Nf3 Ne4 8. Bxe7 Qxe7 9. Qc2 Ndf6 10. Bd3 Nxc3 11. Qxc3 c5 12. 0-0 b6 13. Rac1 0-0 14. Rfe1 Bb7 15. Ne5 Rac8 16. Qb3 Rc7 17. Rc2 Rfc8 18. Rec1 Nd7 19. Nxd7 Qxd7 20. Rc3 Qc6 21. cxd5 Qxd5 22. Qxd5 Bxd5 23. dxc5 Rxc5 24. Rxc5 Rxc5 25. Rxc5 bxc5 26. Kf1 g6 27. f3 Kg7 28. Ke2 f5 29. e4 fxe4 30. Bxe4 Bxe4 31. fxe4 Kf6 32. Ke3 Ke5 33. g3 1/2-1/2